000 00333nam a2200133Ia 4500
008 240624s9999 xx 000 0 und d
041 _aeng
082 _a158 DAV
100 _aDAVIS DARRYL
245 _aHOW TO DESIGN A LIFE WORTH
260 _c2014
_aNew Delhi
_bTata McGraw-Hill
300 _a232 : p. : cm. ; 24
365 _cRS
_b33
999 _c26217
_d26217